Compendio de historia de Centroamérica
| Main Author: | |
|---|---|
| Format: | Section = Libro |
| Language: | Undetermined Spanish |
| Published: |
Managua
BCN
2011
|
| Edition: | 4a.ed. |
| Subjects: |
| LEADER | 00471nam a2200181Ia 4500 | ||
|---|---|---|---|
| 008 | 240829s9999 xx 000 0 und d | ||
| 040 | |a BIBLIOTECA-RUPAP 972.8 S182 | ||
| 041 | |a spa | ||
| 082 | |a 972.8 S182 | ||
| 100 | 1 | |a Salvatierra, Sofonía | |
| 245 | 1 | 0 | |a Compendio de historia de Centroamérica |
| 250 | |a 4a.ed. | ||
| 260 | |a Managua |b BCN |c 2011 | ||
| 300 | |a 346 p. :il. | ||
| 650 | 7 | |a AMERICA CENTRAL-HISTORIA. i. Tít. | |
| 942 | |c BK |2 ddc | ||
| 991 | |a TEXTO | ||
| 999 | |c 9148 | ||